000 01087nam a2200349 a 4500
003 AR-BaBNM
005 20251128210525.0
008 082120s2002 ||||||||||||||000 | spa||
020 _a84-277-1218-9
040 _cAR-BaBNM
245 0 0 _aAtreverse a educar
_bcongreso de pedagogía Pedro Poveda educador. 1
260 _aMadrid
_bNarcea
_c1997
300 _a333 p.
_btablas
500 _aEn esta obra se recuperan los trabajos presentados en el Congreso de Pedagogía Pedro Poveda educador relizado en Madrid, España.
610 2 4 _aUnión Europea
650 4 _aDIDACTICA
650 4 _aROL DEL DOCENTE
650 4 _aANTROPOLOGIA DE LA EDUCACION
650 4 _aEDUCACION SEXISTA
650 4 _aEDUCACION DE LA MUJER
650 4 _aPAPEL DE LA FAMILIA
650 4 _aPARTICIPACION DE LOS JOVENES
650 4 _aPOLITICA EDUCATIVA
650 4 _aSOCIOLOGIA DE LA EDUCACION
650 4 _aEDUCACION RELIGIOSA
651 4 _aEspaña
653 _aSISTEMA EDUCATIVO
653 _aEVALUACION EDUCATIVA
653 _aEDUCACION EN VALORES
942 _cBK
998 _cRAQUEL
999 _c15799
_d15799